000 00974nam a2200313 i 4500
999 _c65549
_d65549
001 768714001
003 CO-MdFUSB
005 20200528110448.0
007 ta
008 200327t1994 -us |||| |||| 00| 0 eng d
020 _a9781565630802
040 _aCO-MdFUSB
_bspa
_cCO-MdFUSB
_dCO-MdFUSBC
_erda
041 _aeng
082 _223
_a225.1
_bF453
100 _aField, Frederick.
_eautor
245 1 _aNotes on the translation of the New Testament :
_bbeing the Otium Norvicense (pars tertia)
_c/ Frederick. Field
264 1 _aEstados Unidos :
_bHendrickson Publishers,
_c[1994]
264 4 _c© 1994
300 _a267 páginas
_c; 23 cm
336 _2rdacontent
_atexto
_btxt
337 _2rdamedia
_asin mediación
_bn
338 _2rdacarrier
_avolumen
_bnc
500 _aColección Dawn Christina Harrell
563 _aRústico
630 0 7 _aBiblia.
_pNuevo Testamento
_vNotas de traducción.
942 _cBK
945 _aJTF-925